[Event "Dhaka Chowdhury Memorial op-B 2nd"]
[Site "Dhaka"]
[Date "2022.07.04"]
[Round "4"]
[White "Ahmed, Feroz"]
[Black "Sabujur, Rahman"]
[Result "1-0"]
[WhiteElo "1976"]
[BlackElo "1844"]
[PlyCount "110"]
[EventDate "2022.07.02"]
[EventType "swiss"]
[EventRounds "9"]
[EventCountry "BAN"]
[SourceTitle "EXT 2023"]
[Source "ChessBase"]
[SourceDate "2022.10.05"]
[SourceVersion "1"]
[SourceVersionDate "2022.10.05"]
[SourceQuality "1"]

1. Nf3 Nf6 2. c4 e6 3. g3 c6 4. Bg2 d5 5. b3 Be7 6. Bb2 Nbd7 7. 0-0 Qc7 8. Nc3 0-0 9. Rc1 dxc4 10. bxc4 Rd8 11. d4 c5 12. d5 Qb6 13. Qc2 a6 14. e4 e5 15. Ne1 Ng4 16. h3 Nh6 17. f4 Qg6 18. Ne2 f6 19. Nf3 Bd6 20. f5 Qe8 21. Rb1 b5 22. Bc1 b4 23. g4 Nf7 24. g5 Nh8 25. Kh1 Qf7 26. Rg1 Nb6 27. gxf6 gxf6 28. Bh6 Qh5 29. Qc1 Bf8 30. Be3 Qe8 31. Nh2 Nf7 32. Ng4 Nd7 33. Qe1 Kh8 34. Qh4 Qe7 35. Ng3 Nd6 36. Bf1 Bg7 37. Bd3 Rg8 38. Nh5 Bb7 39. Bh6 Bxh6 40. Nxh6 Rg5 41. Ng4 Rf8 42. Rg2 Ne8 43. Rbg1 Rfg8 44. Bc2 Rf8 45. Ba4 Bc8 46. Nh6 a5 47. Rxg5 fxg5 48. Rxg5 Qd6 49. Ng4 Nef6 50. Bxd7 Nxd7 51. Ng7 Rf7 52. Ne6 Nf6 53. Nxf6 Rxf6 54. Rg7 Rf8 55. Rg5 Qe7 1-0

[Event "BAN Games 9th"]
[Site "Dhaka"]
[Date "2021.04.07"]
[Round "4.1"]
[White "Sacchu, Afzal Hossain"]
[Black "Sabujur, Rahman"]
[Result "1-0"]
[WhiteElo "2008"]
[BlackElo "1862"]
[PlyCount "67"]
[EventDate "2021.04.04"]
[EventType "team-swiss"]
[EventRounds "5"]
[EventCountry "BAN"]
[SourceTitle "CBM 202 Extra"]
[Source "ChessBase"]
[SourceDate "2021.07.31"]
[SourceVersion "1"]
[SourceVersionDate "2021.07.31"]
[SourceQuality "1"]
[WhiteTeam "Dhaka Division"]
[BlackTeam "Chottogram Division"]
[WhiteTeamCountry "BAN"]
[BlackTeamCountry "BAN"]

1. d4 e6 2. Bf4 d5 3. e3 Nf6 4. c4 Ne4 5. Nc3 Bb4 6. Qc2 c6 7. Bd3 f5 8. f3 Nxc3 9. bxc3 Bd6 10. Ne2 Qh4+ 11. g3 Qe7 12. 0-0 0-0 13. Rae1 Nd7 14. e4 fxe4 15. Bxd6 Qxd6 16. fxe4 dxe4 17. Rxf8+ Nxf8 18. Bxe4 e5 19. dxe5 Qxe5 20. Nd4 Kh8 21. Qf2 Qc5 22. Bd3 Bg4 23. Qf4 Bh5 24. Re5 Qa3 25. Rxh5 Qxc3 26. Qe4 Qa1+ 27. Kg2 Qxa2+ 28. Kh3 h6 29. Rf5 Kg8 30. Ne6 Re8 31. Rxf8+ Rxf8 32. Qh7+ Kf7 33. Nxf8 a5 34. Ng6 1-0

[Event "BAN-chB 44th"]
[Site "Dhaka"]
[Date "2018.11.17"]
[Round "6"]
[White "Md, Quamruzzaman Khan I"]
[Black "Sabujur, Rahman"]
[Result "1/2-1/2"]
[WhiteElo "1909"]
[BlackElo "1747"]
[PlyCount "44"]
[EventDate "2018.11.13"]
[EventType "swiss"]
[EventRounds "9"]
[EventCountry "BAN"]
[SourceTitle "CBM 187 Extra"]
[Source "ChessBase"]
[SourceDate "2018.11.04"]
[SourceVersion "1"]
[SourceVersionDate "2018.11.04"]
[SourceQuality "1"]

1. e4 Nc6 2. Nf3 Nf6 3. Nc3 e5 4. Bc4 Bc5 5. 0-0 d6 6. h3 Be6 7. Bb5 Qd7 8. d3 Bxh3 9. gxh3 Qxh3 10. Nh2 Qg3+ 11. Kh1 Bxf2 12. Qf3 Qxf3+ 13. Nxf3 Bb6 14. a4 a6 15. Bxc6+ bxc6 16. a5 Ba7 17. Bg5 Ng4 18. Nh2 Nxh2 19. Kxh2 f6 20. Bh4 h5 21. Na2 g5 22. Be1 Rf8 1/2-1/2